000 00319nam a2200121Ia 4500
008 231107s2011 xx 000 0 und d
041 _aeng
082 _a720.224
100 _aJefferis Alan
245 _aArchitectural Drafting and Design 6th ed
260 _aAustralia
_bDelmar Cengage Learning
_c2011
300 _a1127
999 _c931388
_d931388